[Event "33.Schlosspark-Open"]
[Site "Wiesbaden-Biebrich"]
[Date "2024.08.24"]
[Round "4.24"]
[White "Schmitt, Carsten"]
[Black "Regis, Georg"]
[Result "1/2-1/2"]
[WhiteElo "1926"]
[BlackElo "2079"]
[PlyCount "117"]
[EventDate "2024.08.22"]
[WhiteTeam "SV Bergwinkel"]
[BlackTeam "Vorw.Orient Mainz"]

1. c4 b6 2. Nc3 Bb7 3. e4 c5 4. g3 Nc6 5. Bg2 g6 6. Nge2 Bg7 7. O-O e6 8. d3 Nge7 9. Be3 Nd4 10. Bxd4 cxd4 11. Nb5 O-O 12. Nbxd4 d5 13. Qd2 Rc8 14. Rac1 e5 15. Nb3 dxc4 16. dxc4 Qxd2 17. Nxd2 Bh6 18. f4 Nc6 19. Nf3 exf4 20. gxf4 Na5 21. Ne5 Bg7 22. b3 Rfe8 23. Rcd1 Bxe5 24. fxe5 Rc7 25. Nc3 Rxe5 26. Nd5 Bxd5 27. exd5 Rd7 28. d6 Re6 29. Bd5 Rexd6 30. Rxf7 Kh8 31. Rdf1 b5 32. R1f3 bxc4 33. bxc4 Rxf7 34. Rxf7 Nc6 35. Rc7 Nb4 36. Rxa7 Nxd5 37. cxd5 Rxd5 38. a4 Rd2 39. a5 Ra2 40. h4 Ra4 41. a6 Rxh4 42. Rb7 Ra4 43. a7 Ra1+ 44. Kf2 Ra2+ 45. Ke3 Ra3+ 46. Kd4 Ra4+ 47. Ke5 Ra5+ 48. Ke6 h5 49. Rb8+ Kg7 50. a8=Q Rxa8 51. Rxa8 h4 52. Ra7+ Kh6 53. Kf6 Kh5 54. Ra4 h3 55. Ke5 h2 56. Ra1 Kg4 57. Ke4 Kg3 58. Ra3+ Kg2 59. Ra2+ 1/2-1/2

[Event "33.Schlosspark-Open"]
[Site "Wiesbaden-Biebrich"]
[Date "2024.08.24"]
[Round "4.25"]
[White "Weber, Nikita"]
[Black "Pauls, Wilhelm"]
[Result "1-0"]
[WhiteElo "2078"]
[BlackElo "1921"]
[PlyCount "87"]
[EventDate "2024.08.22"]
[WhiteTeam "Vorw.Orient Mainz"]
[BlackTeam "Sportgemeinschaft Kaarst 1912/35"]

1. Nf3 Nf6 2. c4 c5 3. Nc3 e6 4. e3 d5 5. cxd5 exd5 6. d4 Nc6 7. Bb5 Bd6 8. dxc5 Bxc5 9. Nd4 Bd7 10. O-O O-O 11. Nb3 Bd6 12. h3 Bf5 13. Nd4 Nxd4 14. Qxd4 Bc7 15. Rd1 Bb6 16. Qe5 Bc2 17. Rd2 Bc7 18. Qg5 h6 19. Qh4 Bg6 20. Bd3 Ne4 21. Qxd8 Rfxd8 22. Nxe4 dxe4 23. Be2 Ba5 24. Rxd8+ Rxd8 25. Rb1 f5 26. b4 Bc7 27. Rb2 Bf7 28. Rc2 Rd7 29. g4 g6 30. gxf5 gxf5 31. Rc5 Bd6 32. Rxf5 Rc7 33. Ba3 Rc2 34. Bf1 Rxa2 35. Rxf7 Rxa3 36. Rxb7 a5 37. bxa5 Rxa5 38. Bc4+ Kf8 39. Rb5 Ra4 40. Bb3 Ra1+ 41. Kg2 Ra7 42. Rf5+ Kg7 43. Rd5 Bb8 44. Rd4 1-0

[Event "33.Schlosspark-Open"]
[Site "Wiesbaden-Biebrich"]
[Date "2024.08.24"]
[Round "4.26"]
[White "Stephanblome, Felix"]
[Black "Mann, Gergely"]
[Result "1/2-1/2"]
[WhiteElo "1925"]
[BlackElo "2062"]
[PlyCount "27"]
[EventDate "2024.08.22"]
[WhiteTeam "SV 1934 Ffm-Griesheim"]
[BlackTeam "SF Essen-Werden 1924/"]

1. d4 d5 2. c4 c6 3. Nf3 Nf6 4. Qb3 a6 5. Nc3 dxc4 6. Qxc4 b5 7. Qd3 e6 8. g3 c5 9. Bg2 Bb7 10. O-O Be7 11. Rd1 O-O 12. dxc5 Qxd3 13. Rxd3 Bxc5 14. Ne5 1/2-1/2

[Event "33.Schlosspark-Open"]
[Site "Wiesbaden-Biebrich"]
[Date "2024.08.24"]
[Round "4.27"]
[White "Bischoff, Ulrich"]
[Black "Heindrich, Mark"]
[Result "1-0"]
[WhiteElo "1919"]
[BlackElo "2058"]
[PlyCount "121"]
[EventDate "2024.08.22"]
[WhiteTeam "SF Eltville"]
[BlackTeam "SAbt TuS Dotzheim"]

1. d4 Nf6 2. c4 e6 3. Nf3 Bb4+ 4. Bd2 a5 5. g3 d6 6. Bg2 Nbd7 7. O-O O-O 8. Bf4 Qe7 9. a3 Bc5 10. dxc5 Nxc5 11. Nc3 a4 12. Qc2 Bd7 13. Rad1 Bc6 14. Be3 Ra5 15. Nd4 Bxg2 16. Kxg2 Ng4 17. Bd2 Raa8 18. Ne4 Nd7 19. h3 Nge5 20. Ng5 Ng6 21. h4 Nf6 22. e4 h6 23. Ngf3 Nh5 24. Rfe1 c5 25. Nb5 e5 26. Bc1 Ra6 27. Nc3 Qd7 28. Nh2 f5 29. exf5 Rxf5 30. Ne4 Qe6 31. Rd3 Nf6 32. Nxf6+ Rxf6 33. Rf3 Rxf3 34. Nxf3 Qe8 35. Qe4 Rb6 36. Rd1 Nf8 37. Qg4 Kh8 38. h5 Ne6 39. Nh4 Nd4 40. Re1 Rb3 41. Ng6+ Kh7 42. Qe4 Kg8 43. Qd5+ Qf7 44. Qxf7+ Kxf7 45. Re3 b5 46. Rxb3 axb3 47. cxb5 Nxb5 48. a4 Nc7 49. f4 e4 50. Be3 Ke6 51. g4 Na6 52. f5+ Kd5 53. Kf2 c4 54. Nf4+ Ke5 55. Ne2 Kf6 56. Bd4+ Kf7 57. a5 Nb4 58. Ke3 d5 59. Kd2 Na6 60. Nf4 Nb4 61. Bc3 1-0

[Event "33.Schlosspark-Open"]
[Site "Wiesbaden-Biebrich"]
[Date "2024.08.24"]
[Round "4.28"]
[White "Reitz, Philipp"]
[Black "Pradeep, Harshill"]
[Result "0-1"]
[WhiteElo "2039"]
[BlackElo "1905"]
[PlyCount "60"]
[EventDate "2024.08.22"]
[WhiteTeam "VfR-SC Koblenz"]
[BlackTeam "SK Bickenbach"]

1. Nf3 b6 2. e4 Bb7 3. Nc3 e6 4. d4 Bb4 5. Bd3 Nf6 6. Qe2 d5 7. e5 Ne4 8. Bd2 Bxc3 9. bxc3 c5 10. O-O O-O 11. Qe3 Nxd2 12. Nxd2 Nd7 13. f4 f5 14. exf6 Qxf6 15. Rae1 c4 16. Be2 Qg6 17. Bd1 Rae8 18. Qh3 Nf6 19. Re5 Bc8 20. Rfe1 Nd7 21. Bh5 Qxc2 22. Bxe8 Nxe5 23. Rxe5 Qxd2 24. Bh5 Qxf4 25. Bf3 Qc1+ 26. Kf2 Qxc3 27. Qg4 Qd2+ 28. Kg3 c3 29. Rg5 Qf4+ 30. Qxf4 Rxf4 0-1

[Event "33.Schlosspark-Open"]
[Site "Wiesbaden-Biebrich"]
[Date "2024.08.24"]
[Round "4.29"]
[White "Stehning, Ralf"]
[Black "Puschendorf, Steffen"]
[Result "0-1"]
[WhiteElo "1912"]
[BlackElo "2041"]
[PlyCount "74"]
[EventDate "2024.08.22"]
[WhiteTeam "SF Braunfels"]
[BlackTeam "ESV Gera"]

1. e4 e6 2. d4 d5 3. e5 c5 4. c3 Nc6 5. Nf3 Bd7 6. Be2 f6 7. O-O fxe5 8. dxe5 Nh6 9. Na3 Nf7 10. Bf4 g5 11. Nxg5 Nxg5 12. Bh5+ Nf7 13. Bxf7+ Kxf7 14. Qh5+ Kg8 15. Qg4+ Bg7 16. Bg5 Qe8 17. f4 Qg6 18. Qe2 h6 19. Bh4 a6 20. Rad1 Be8 21. Nc2 Kh7 22. Ne3 Qe4 23. Qf2 Bd7 24. Rfe1 Qg6 25. Nc4 Raf8 26. Qd2 Be8 27. Nd6 Qg4 28. Bg3 h5 29. Rf1 Bh6 30. Qf2 Rhg8 31. Nxe8 Rxe8 32. Rd2 Ref8 33. Qxc5 h4 34. Be1 Rxf4 35. Rdf2 d4 36. Bd2 Rxf2 37. Rxf2 Qd1+ 0-1

[Event "33.Schlosspark-Open"]
[Site "Wiesbaden-Biebrich"]
[Date "2024.08.24"]
[Round "4.30"]
[White "Derr, Oleg"]
[Black "Schubert, Wolfgang"]
[Result "1-0"]
[WhiteElo "1943"]
[BlackElo "1894"]
[PlyCount "41"]
[EventDate "2024.08.22"]
[WhiteTeam "VSG 1880 Offenbach"]
[BlackTeam "Hannover"]

1. e4 c5 2. Nf3 d6 3. Bc4 e6 4. O-O a6 5. Re1 b5 6. Bf1 Nc6 7. c3 d5 8. e5 c4 9. d4 cxd3 10. Bxd3 Bc5 11. Nbd2 Nge7 12. Nb3 Bb6 13. Nbd4 Qc7 14. Bf4 O-O 15. Rc1 Bd7 16. Bxh7+ Kxh7 17. Ng5+ Kg6 18. Qg4 f5 19. exf6 Qc8 20. Ngxe6+ Kf7 21. Qxg7+ 1-0

[Event "33.Schlosspark-Open"]
[Site "Wiesbaden-Biebrich"]
[Date "2024.08.24"]
[Round "4.31"]
[White "Makilla, Tobias"]
[Black "Lenz, Joshua"]
[Result "1/2-1/2"]
[WhiteElo "1910"]
[BlackElo "2038"]
[PlyCount "68"]
[EventDate "2024.08.22"]
[WhiteTeam "SC 1979 Hattersheim"]
[BlackTeam "TSV Schott Mainz"]

1. e4 c5 2. Nf3 a6 3. c4 Nc6 4. d4 cxd4 5. Nxd4 Nf6 6. Nc3 e5 7. Nf5 d5 8. cxd5 Bxf5 9. exf5 Nd4 10. Bg5 Be7 11. Bxf6 Bxf6 12. Bd3 O-O 13. O-O b5 14. Qg4 Kh8 15. Qh5 b4 16. Ne4 Qxd5 17. Rfe1 Qd8 18. Re3 g6 19. fxg6 fxg6 20. Qg4 Kg7 21. Rh3 Qc8 22. Nxf6 Rxf6 23. Qg5 Qxh3 24. Qxf6+ Kxf6 25. gxh3 a5 26. Rc1 Rd8 27. Kg2 Ne6 28. Be4 Nf4+ 29. Kf3 Nxh3 30. Rc6+ Kg7 31. Ke3 Rd4 32. f3 Nf4 33. Rc5 Ng2+ 34. Ke2 Nf4+ 1/2-1/2

[Event "33.Schlosspark-Open"]
[Site "Wiesbaden-Biebrich"]
[Date "2024.08.24"]
[Round "4.32"]
[White "Sreeramulu, Aarush"]
[Black "Seidel, Jürgen"]
[Result "1/2-1/2"]
[WhiteElo "1905"]
[BlackElo "2031"]
[PlyCount "40"]
[EventDate "2024.08.22"]
[WhiteTeam "SK Marburg 1931/72"]
[BlackTeam "SV 1920 Hofheim"]

1. d4 d6 2. c4 Nd7 3. Nc3 e5 4. Nf3 Ngf6 5. Qc2 Be7 6. e4 c6 7. Be2 a6 8. d5 O-O 9. O-O cxd5 10. cxd5 b5 11. b4 Qc7 12. Qd3 Nb6 13. Be3 Bd7 14. Rfc1 Qb7 15. Bxb6 Qxb6 16. Nd1 Rfc8 17. Ne3 Rc7 18. Nd2 Rac8 19. Nb3 Bd8 20. a3 Rxc1+ 1/2-1/2

[Event "33.Schlosspark-Open"]
[Site "Wiesbaden-Biebrich"]
[Date "2024.08.24"]
[Round "4.33"]
[White "Guddat, Jörn"]
[Black "Nicolai, Tim"]
[Result "1/2-1/2"]
[WhiteElo "1890"]
[BlackElo "2019"]
[PlyCount "72"]
[EventDate "2024.08.22"]
[WhiteTeam "SV Eichlinghofen 1935"]
[BlackTeam "SV Empor Erfurt"]

1. d4 f5 2. Nf3 Nf6 3. g3 g6 4. Bg2 Bg7 5. O-O O-O 6. c4 d6 7. Nc3 Nc6 8. b3 e5 9. dxe5 dxe5 10. Ba3 e4 11. Bxf8 Qxf8 12. Nd4 Nxd4 13. Qxd4 Be6 14. Qd2 Ng4 15. h3 Rd8 16. Qc2 Ne5 17. Rad1 Re8 18. Rd2 Bh6 19. e3 c6 20. Rfd1 Bg7 21. Ne2 Bf7 22. Rd6 Nd3 23. R6xd3 exd3 24. Rxd3 Rd8 25. Qd2 Rxd3 26. Qxd3 Qe7 27. e4 fxe4 28. Bxe4 Bf6 29. Qf3 Kg7 30. Nf4 a5 31. a4 Qb4 32. Qd3 Bc3 33. Qc2 Bd4 34. Nd3 Qe7 35. Nf4 Qb4 36. Nd3 Qe7 1/2-1/2

[Event "33.Schlosspark-Open"]
[Site "Wiesbaden-Biebrich"]
[Date "2024.08.24"]
[Round "4.34"]
[White "Frömbgen, Andreas"]
[Black "Pioch, Thomas"]
[Result "0-1"]
[WhiteElo "1874"]
[BlackElo "2016"]
[PlyCount "90"]
[EventDate "2024.08.22"]
[WhiteTeam "SK Gau-Algesheim"]
[BlackTeam "SC Flörsheim 1921"]

1. c4 Nf6 2. g3 g6 3. Bg2 Bg7 4. Nc3 d6 5. e3 e5 6. Nge2 Nc6 7. a3 h5 8. b4 Qe7 9. Qc2 Bf5 10. d3 O-O 11. Bd2 Rfc8 12. Rc1 Qd7 13. h4 Qe8 14. Nd5 Nxd5 15. cxd5 Ne7 16. O-O c6 17. dxc6 bxc6 18. Qb3 Rab8 19. Kh2 Qd7 20. e4 Be6 21. Qa4 a5 22. Ng1 axb4 23. axb4 Ra8 24. Qd1 Ra3 25. Be3 Qb7 26. Rb1 Rca8 27. d4 Bc4 28. Re1 exd4 29. Bxd4 Rd3 30. Qc2 Rxd4 31. Qc1 Be6 32. b5 cxb5 33. e5 d5 34. Nf3 Rc4 35. Qd1 Bf5 36. Rb2 Rac8 37. Nd4 Bd7 38. Nb3 Qb6 39. Bxd5 Nxd5 40. Qxd5 Be6 41. Qd2 Rd8 42. Qe2 Rb4 43. Reb1 Bf5 44. Rc1 Bd3 45. Qe1 Re4 0-1

[Event "33.Schlosspark-Open"]
[Site "Wiesbaden-Biebrich"]
[Date "2024.08.24"]
[Round "4.35"]
[White "Gerber, Ingo"]
[Black "von Auer, Ulrich"]
[Result "0-1"]
[WhiteElo "1693"]
[BlackElo "1996"]
[PlyCount "80"]
[EventDate "2024.08.22"]
[WhiteTeam "Sfr.Mainz 1928"]
[BlackTeam "SV Oberursel"]

1. Nf3 Nf6 2. d4 g6 3. Bf4 d6 4. Nbd2 Bg7 5. e3 Nh5 6. Bg3 Nxg3 7. hxg3 c5 8. c3 Nc6 9. dxc5 dxc5 10. Bc4 h6 11. Nb3 Qxd1+ 12. Rxd1 b6 13. Bd5 Bb7 14. Ke2 e6 15. Bc4 Ke7 16. Rd2 Rad8 17. Rhd1 a6 18. Ne1 Ne5 19. Rxd8 Rxd8 20. Rxd8 Kxd8 21. Nd2 Nxc4 22. Nxc4 Kc7 23. f3 b5 24. Nd2 f5 25. Nd3 Kd6 26. e4 g5 27. Ke3 c4 28. Nb4 Kc5 29. a3 a5 30. Nc2 Bc6 31. Nd4 Bd7 32. f4 g4 33. e5 Kd5 34. Nf1 Bf8 35. Nd2 Bc5 36. Nb1 b4 37. axb4 axb4 38. Nd2 Ba4 39. b3 Bxb3 40. N2xb3 cxb3 0-1

[Event "33.Schlosspark-Open"]
[Site "Wiesbaden-Biebrich"]
[Date "2024.08.24"]
[Round "4.36"]
[White "Neurohr, Jürgen"]
[Black "Hoffmann, Christian"]
[Result "1/2-1/2"]
[WhiteElo "1999"]
[BlackElo "1879"]
[PlyCount "120"]
[EventDate "2024.08.22"]
[WhiteTeam "Sfr.Mainz 1928"]
[BlackTeam "SAbt BKA Wiesbaden"]

1. d4 f5 2. Nc3 Nf6 3. Bg5 e6 4. e4 fxe4 5. Nxe4 Be7 6. Bxf6 Bxf6 7. f4 Nc6 8. Nf3 d6 9. c3 O-O 10. Bd3 Be7 11. Qe2 Qe8 12. Neg5 Bxg5 13. Nxg5 h6 14. Qe4 g6 15. Nf3 Kg7 16. O-O-O Qf7 17. g3 Bd7 18. Nh4 Ne7 19. Rhe1 b5 20. Kb1 Rab8 21. d5 Qf6 22. dxe6 Bc6 23. Qe2 b4 24. c4 a5 25. Qd2 a4 26. Be4 Bxe4+ 27. Rxe4 a3 28. Qd4 axb2 29. Qxf6+ Kxf6 30. Rd2 Rb6 31. Ng2 Ra8 32. Rxb2 d5 33. cxd5 Nxd5 34. Re5 Ra5 35. Kc2 Rxe6 36. Rxe6+ Kxe6 37. Kd3 Ra3+ 38. Kc4 Rc3+ 39. Kb5 c6+ 40. Ka6 Ra3+ 41. Kb7 Kd6 42. Nh4 c5 43. Nxg6 c4 44. Ne5 Kc5 45. f5 c3 46. Re2 b3 47. axb3 Rxb3+ 48. Kc8 Ne7+ 49. Kc7 Nxf5 50. Nd3+ Kd4 51. Nc1 Rb2 52. g4 Ne3 53. h3 Nd5+ 54. Kd6 Nf4 55. Re1 Nxh3 56. Ne2+ Kd3 57. Nxc3 Kxc3 58. Re3+ Kd4 59. Rxh3 Ke4 60. Kc5 Rg2 1/2-1/2

[Event "33.Schlosspark-Open"]
[Site "Wiesbaden-Biebrich"]
[Date "2024.08.24"]
[Round "4.37"]
[White "Kail, Sindy"]
[Black "Hendriks, Theo"]
[Result "1/2-1/2"]
[WhiteElo "1879"]
[BlackElo "2014"]
[PlyCount "44"]
[EventDate "2024.08.22"]
[WhiteTeam "SK 1925 Großwallstadt"]
[BlackTeam "SV Amstel"]

1. e4 c5 2. Nf3 Nc6 3. Bb5 g6 4. Bxc6 bxc6 5. e5 Ba6 6. d3 e6 7. O-O f5 8. Be3 c4 9. dxc4 Bxc4 10. Re1 h6 11. Nfd2 Ba6 12. f4 Bb4 13. a3 Ba5 14. c4 Ne7 15. b4 Bc7 16. Nc3 Bb7 17. Nb3 a5 18. Nc5 Bc8 19. Qf3 Kf7 20. h4 axb4 21. axb4 Rb8 22. Rab1 d6 1/2-1/2

[Event "33.Schlosspark-Open"]
[Site "Wiesbaden-Biebrich"]
[Date "2024.08.24"]
[Round "4.38"]
[White "Memic, Miodrag"]
[Black "Shanawaz Thabrez, Shahzaib"]
[Result "0-1"]
[WhiteElo "2009"]
[BlackElo "1857"]
[PlyCount "72"]
[EventDate "2024.08.22"]
[WhiteTeam "SV Mainz-Mombach"]
[BlackTeam "SK Langen"]

1. e4 e5 2. Bc4 Nf6 3. d3 Nc6 4. Bg5 Be7 5. Nc3 Na5 6. Bb3 Nxb3 7. axb3 c6 8. Nf3 h6 9. Be3 d5 10. Bd2 dxe4 11. Nxe4 Nxe4 12. dxe4 Bg4 13. h3 Bh5 14. O-O O-O 15. g4 Bg6 16. Re1 Bc5 17. Bc3 f6 18. Qe2 Bf7 19. Kg2 b5 20. Rad1 Qc7 21. h4 Be6 22. Nh2 Rad8 23. Rxd8 Qxd8 24. Rd1 Qe8 25. Bd2 h5 26. f3 Qg6 27. Kh1 Rd8 28. gxh5 Qxh5 29. Be1 Rxd1 30. Qxd1 Qg6 31. Bd2 Bh3 32. Ng4 Bxg4 33. fxg4 Qxe4+ 34. Kh2 Bf2 35. h5 Qd4 36. Kg2 Be3 0-1

[Event "33.Schlosspark-Open"]
[Site "Wiesbaden-Biebrich"]
[Date "2024.08.24"]
[Round "4.39"]
[White "McAdam, Mark"]
[Black "De Kruif, Kees"]
[Result "1-0"]
[WhiteElo "1995"]
[BlackElo "1859"]
[PlyCount "43"]
[EventDate "2024.08.22"]
[WhiteTeam "SC Brett vorm Kopp Ffm"]
[BlackTeam "Fischer Z"]

1. d4 f5 2. Nc3 Nf6 3. Bg5 e6 4. e4 fxe4 5. Nxe4 Be7 6. Bxf6 Bxf6 7. Nf3 O-O 8. Bd3 b6 9. c3 Bb7 10. Qc2 h6 11. O-O-O Nc6 12. h4 Ne7 13. g4 c5 14. g5 Bxd4 15. Nxd4 cxd4 16. gxh6 gxh6 17. Rhg1+ Kh8 18. Nd6 Bf3 19. Qd2 Ng8 20. Rxg8+ Kxg8 21. Rg1+ Kh8 22. Qxh6# 1-0

[Event "33.Schlosspark-Open"]
[Site "Wiesbaden-Biebrich"]
[Date "2024.08.24"]
[Round "4.40"]
[White "Marschner, Thomas"]
[Black "Mohammadzadeh, Daris"]
[Result "1/2-1/2"]
[WhiteElo "1986"]
[BlackElo "1843"]
[PlyCount "57"]
[EventDate "2024.08.22"]
[WhiteTeam "SVG Eppstein 1932"]
[BlackTeam "Vorw.Orient Mainz"]

1. e4 c5 2. Nf3 Nc6 3. Bb5 e5 4. O-O Bd6 5. d4 Nxd4 6. Bc4 Nxf3+ 7. Qxf3 Qf6 8. Qb3 Ne7 9. Nc3 b6 10. Nd5 Nxd5 11. Bxd5 Rb8 12. Rd1 O-O 13. Rd3 Qe7 14. Rf3 Bb7 15. Be3 Bxd5 16. Qxd5 Qe6 17. Rd1 Be7 18. Kf1 d6 19. a4 b5 20. axb5 Qxd5 21. Rxd5 Rxb5 22. Bc1 Rb4 23. Ra3 Ra8 24. f3 Kf8 25. Ke2 Ke8 26. Rdd3 a5 27. b3 Kd7 28. Bd2 Rb7 29. Rxa5 1/2-1/2

[Event "33.Schlosspark-Open"]
[Site "Wiesbaden-Biebrich"]
[Date "2024.08.24"]
[Round "4.41"]
[White "Müller, Riyanna"]
[Black "Riedel, Thomas"]
[Result "1-0"]
[WhiteElo "1981"]
[BlackElo "1838"]
[PlyCount "103"]
[EventDate "2024.08.22"]
[WhiteTeam "SC Landskrone"]
[BlackTeam "Hünfelden"]

1. e4 c5 2. c3 Nf6 3. e5 Nd5 4. d4 cxd4 5. Nf3 Nc6 6. Bc4 e6 7. cxd4 d6 8. O-O dxe5 9. dxe5 a6 10. Qe2 b5 11. Bd3 Be7 12. Rd1 Qc7 13. Nc3 Nxc3 14. bxc3 Bb7 15. Bf4 O-O 16. Qe4 g6 17. Bh6 f5 18. exf6 Rxf6 19. Qe3 Nd8 20. Be4 Nf7 21. Bxb7 Qxb7 22. Bf4 Bc5 23. Qxc5 Rxf4 24. Qe3 Re4 25. Qd3 Rd8 26. Qc2 Rc8 27. Rd3 Rec4 28. Nd2 R4c7 29. Re1 b4 30. c4 e5 31. Qa4 Rc5 32. f3 Qb6 33. Kh1 Nd6 34. Rb1 Nxc4 35. Nxc4 Rxc4 36. Qb3 Qe6 37. Rdd1 Kf7 38. h3 a5 39. Rd2 Rc3 40. Qa4 Ra3 41. Qb5 Rxa2 42. Rd7+ Kf6 43. Rbd1 Rc6 44. Qb8 Kg5 45. f4+ Kh4 46. Rxh7+ Kg3 47. Qd8 Kf2 48. Qh4+ Ke3 49. Qg3+ Ke4 50. Qf3+ Kf5 51. fxe5+ Kg5 52. h4# 1-0

[Event "33.Schlosspark-Open"]
[Site "Wiesbaden-Biebrich"]
[Date "2024.08.24"]
[Round "4.42"]
[White "Martin, Reiner"]
[Black "Schmidt, Jörg"]
[Result "1-0"]
[WhiteElo "1974"]
[BlackElo "1823"]
[PlyCount "69"]
[EventDate "2024.08.22"]
[WhiteTeam "SC Bad Soden"]
[BlackTeam "SK Niederbrechen 1948"]

1. d4 d5 2. c4 e6 3. Nc3 Nf6 4. cxd5 exd5 5. Bg5 Be7 6. Qc2 O-O 7. e3 Be6 8. Bd3 Nbd7 9. Nge2 a5 10. O-O c6 11. f3 h6 12. Bh4 Ne8 13. Bf2 f5 14. Nf4 Bf7 15. Bxf5 Nd6 16. Bh7+ Kh8 17. Ng6+ Bxg6 18. Bxg6 Nc8 19. e4 dxe4 20. fxe4 Bg5 21. e5 Ra6 22. Bd3 Ra8 23. Qe2 Qe8 24. h4 Bd8 25. Qe4 g6 26. h5 Ne7 27. hxg6 Nf5 28. e6 Nb6 29. g7+ Kxg7 30. Qe5+ Rf6 31. Bxf5 Nc4 32. Qg3+ Kf8 33. Bh3 Rg6 34. Qd3 Nxb2 35. Qe2 1-0

[Event "33.Schlosspark-Open"]
[Site "Wiesbaden-Biebrich"]
[Date "2024.08.24"]
[Round "4.43"]
[White "Bolduan, Michael"]
[Black "Calvi, Stefan"]
[Result "0-1"]
[WhiteElo "1845"]
[BlackElo "1973"]
[PlyCount "100"]
[EventDate "2024.08.22"]
[WhiteTeam "Sfr Stiller Zug Wiesbaden"]
[BlackTeam "SV Oberursel"]

1. e4 c5 2. d4 cxd4 3. c3 Nf6 4. e5 Nd5 5. cxd4 d6 6. exd6 e6 7. Nc3 Nxc3 8. bxc3 Bxd6 9. Bd3 Qc7 10. Ne2 b6 11. Be4 Bb7 12. Bxb7 Qxb7 13. O-O O-O 14. Bf4 Be7 15. Qd3 Nd7 16. a4 Rfd8 17. Qh3 Rac8 18. Rfb1 Qe4 19. Qe3 Qc6 20. Bg5 Bxg5 21. Qxg5 h6 22. Qb5 Nf6 23. Qxc6 Rxc6 24. a5 Nd5 25. axb6 axb6 26. Ra6 Nxc3 27. Nxc3 Rxc3 28. Raxb6 Rxd4 29. Kf1 Rc2 30. R6b2 Rdd2 31. Rxc2 Rxc2 32. Rb7 g5 33. g4 Kg7 34. Kg2 Kg6 35. Rb8 f5 36. gxf5+ exf5 37. Rb3 g4 38. Rb8 f4 39. Rb5 h5 40. Ra5 h4 41. Kf1 h3 42. Ra8 Rc1+ 43. Ke2 Rh1 44. Rg8+ Kf5 45. Rf8+ Ke5 46. Re8+ Kd6 47. Rg8 g3 48. hxg3 h2 49. Kf3 fxg3 50. Rxg3 Rg1 0-1

[Event "33.Schlosspark-Open"]
[Site "Wiesbaden-Biebrich"]
[Date "2024.08.24"]
[Round "4.44"]
[White "Jansen, Malte"]
[Black "Tremöhlen, Thomas"]
[Result "1/2-1/2"]
[WhiteElo "1842"]
[BlackElo "1958"]
[PlyCount "76"]
[EventDate "2024.08.22"]
[WhiteTeam "SJ Herborn 1998"]
[BlackTeam "Sportgemeinschaft Kaarst 1912/35"]

1. e4 c5 2. Nf3 d6 3. Bc4 e6 4. O-O Nc6 5. Re1 Nf6 6. c3 Be7 7. Bf1 O-O 8. d4 Qc7 9. Bg5 e5 10. d5 Nd8 11. Nbd2 Ne8 12. Bd3 Bg4 13. Qc2 g6 14. Bh6 Ng7 15. h3 Bd7 16. a4 f5 17. Nc4 f4 18. b4 Nf7 19. Bxg7 Kxg7 20. Rab1 b6 21. Be2 g5 22. Nh2 Rh8 23. Qd1 Nh6 24. Nd2 Ng8 25. Bg4 Nf6 26. Bxd7 Qxd7 27. bxc5 bxc5 28. Qb3 Kg6 29. Qb7 Rab8 30. Qxd7 Nxd7 31. Nc4 Nb6 32. Nxb6 Rxb6 33. Rxb6 axb6 34. c4 Ra8 35. Ra1 h5 36. f3 Bd8 37. Kf1 Kf7 38. Ke2 Ke7 1/2-1/2

[Event "33.Schlosspark-Open"]
[Site "Wiesbaden-Biebrich"]
[Date "2024.08.24"]
[Round "4.45"]
[White "Rutsatz, Mario"]
[Black "Feick, Claas Marten"]
[Result "0-1"]
[WhiteElo "1957"]
[BlackElo "1811"]
[PlyCount "90"]
[EventDate "2024.08.22"]
[WhiteTeam "SC 1961 König Nied"]
[BlackTeam "SF Neuberg"]

1. Nf3 f5 2. c4 d6 3. d4 Nf6 4. Nc3 g6 5. b4 Bg7 6. Bb2 O-O 7. e3 c6 8. Qb3 h6 9. Be2 Nbd7 10. Rd1 Qe8 11. O-O Kh7 12. b5 Rb8 13. Ba3 c5 14. dxc5 dxc5 15. Nd5 Nxd5 16. Rxd5 b6 17. Bb2 Bxb2 18. Qxb2 Bb7 19. Rd2 e5 20. Rfd1 Rf7 21. Rd6 Bxf3 22. Bxf3 e4 23. Be2 Ne5 24. Qd2 Rbb7 25. Rd8 Qe6 26. Qc3 Qf6 27. Kh1 Rbd7 28. R1xd7 Nxd7 29. Qxf6 Nxf6 30. h3 Rd7 31. Rxd7+ Nxd7 32. f4 h5 33. g4 hxg4 34. hxg4 Nf6 35. Kg2 Kg7 36. Kg3 Kf7 37. Kh4 Ke6 38. gxf5+ Kxf5 39. Bf1 Nh5 40. Bg2 Nxf4 41. exf4 Kxf4 42. Bf1 Kf3 43. Kg5 Kf2 44. Bh3 e3 45. Bg4 e2 0-1

[Event "33.Schlosspark-Open"]
[Site "Wiesbaden-Biebrich"]
[Date "2024.08.24"]
[Round "4.46"]
[White "Förster, Jürgen"]
[Black "van Bömmel, Philipp"]
[Result "1/2-1/2"]
[WhiteElo "1956"]
[BlackElo "1800"]
[PlyCount "103"]
[EventDate "2024.08.22"]
[WhiteTeam "SVG Eppstein 1932"]
[BlackTeam "SC 1979 Hattersheim"]

1. d4 Nf6 2. Nf3 e6 3. e3 d5 4. Bd3 c5 5. c3 Nc6 6. O-O Be7 7. Nbd2 O-O 8. Ne5 Bd7 9. f4 Rb8 10. Rf3 Nxe5 11. fxe5 Ng4 12. Rh3 Nh6 13. Nf3 Nf5 14. Qe2 g6 15. Bd2 Bc6 16. Rf1 b5 17. dxc5 Bxc5 18. Nd4 Bd7 19. Nxf5 exf5 20. Bxf5 Rb6 21. Bxd7 Qxd7 22. b4 Be7 23. Rhf3 Re6 24. Be1 Rxe5 25. Bg3 Re4 26. Qf2 f5 27. Bf4 Bf6 28. h4 Rc8 29. Bg5 Bxg5 30. hxg5 Rxc3 31. Rd1 Rcc4 32. Qb2 Rxb4 33. Qf6 Re6 34. Qc3 Rc4 35. Qd3 Re5 36. Rf2 a6 37. Rfd2 Qe7 38. Rc2 Rxc2 39. Qxc2 Rxe3 40. Qc8+ Qe8 41. Qxa6 Re1+ 42. Rxe1 Qxe1+ 43. Kh2 Qh4+ 44. Kg1 Qd4+ 45. Kh1 Qa1+ 46. Kh2 Qe5+ 47. Kg1 d4 48. Qc8+ Kf7 49. Qd7+ Kf8 50. Qd8+ Kf7 51. Qd7+ Kf8 52. Qd8+ 1/2-1/2

[Event "33.Schlosspark-Open"]
[Site "Wiesbaden-Biebrich"]
[Date "2024.08.24"]
[Round "4.47"]
[White "Stehning, Michel"]
[Black "Dauster, Ronald"]
[Result "0-1"]
[WhiteElo "1778"]
[BlackElo "1950"]
[PlyCount "84"]
[EventDate "2024.08.22"]
[WhiteTeam "SF Braunfels"]
[BlackTeam "FT Schierstein"]

1. d4 Nf6 2. Nf3 g6 3. Bf4 Bg7 4. e3 O-O 5. Be2 d6 6. h3 b6 7. Nbd2 Bb7 8. c3 Nbd7 9. a4 e5 10. dxe5 dxe5 11. Bh2 Qe7 12. O-O c5 13. Nc4 Rfd8 14. Qb3 Bd5 15. Rfd1 e4 16. Nfd2 Ne8 17. Qc2 Qe6 18. Bg4 f5 19. Be2 h6 20. Na3 Ne5 21. c4 Bb7 22. Nb5 Kh7 23. a5 Nd3 24. Bxd3 exd3 25. Qc1 Qc6 26. Nf3 a6 27. Nc3 b5 28. Nd5 Rxd5 29. cxd5 Qxd5 30. Rd2 Nd6 31. Bxd6 Qxd6 32. Qd1 Rd8 33. Ne1 c4 34. Rc1 Qb4 35. Rb1 Qxa5 36. Ra1 Qb6 37. Rc1 Be4 38. Kh1 Qe6 39. f3 Bd5 40. b3 Qxe3 41. bxc4 bxc4 42. Kh2 Bd4 0-1

[Event "33.Schlosspark-Open"]
[Site "Wiesbaden-Biebrich"]
[Date "2024.08.24"]
[Round "4.48"]
[White "Mönch, Dorothée"]
[Black "Schöber, Sebastian"]
[Result "0-1"]
[WhiteElo "1789"]
[BlackElo "1917"]
[PlyCount "40"]
[EventDate "2024.08.22"]
[WhiteTeam "Sfr.Mainz 1928"]
[BlackTeam "Wiesbadener SV 1885"]

1. c4 c5 2. Nc3 Nc6 3. d3 d6 4. g3 g6 5. Bg2 Bg7 6. e4 e5 7. Nge2 Nge7 8. O-O O-O 9. f4 f5 10. fxe5 Nxe5 11. Bg5 h6 12. Bxe7 Qxe7 13. Nd5 Qg5 14. Nef4 fxe4 15. Bxe4 Bd7 16. Bxg6 Rxf4 17. Rxf4 Nxg6 18. Qf3 Nxf4 19. Qxf4 Qxf4 20. Nxf4 Bxb2 0-1